|
|
|
|
| LEADER |
00000nam2a2200000 4500 |
| 001 |
132953 |
| 005 |
20231031135146.0 |
| 010 |
|
|
|a 9785851173288
|
| 035 |
|
|
|a (RuTPU)RU\TPU\book\143967
|
| 090 |
|
|
|a 132953
|
| 100 |
|
|
|a 20080311d2007 m y0rusy50 ca
|
| 101 |
0 |
|
|a rus
|
| 102 |
|
|
|a RU
|
| 105 |
|
|
|a y j 001zy
|
| 200 |
0 |
|
|a Ч. 1: Мотивация в развитии установки личности
|
| 210 |
|
|
|d 2007
|
| 215 |
|
|
|a 64 с.
|
| 320 |
|
|
|a Библиогр.: с. 59-64.
|
| 330 |
|
|
|a В пособии представлены концепции установки, конструкты мотивационной направленности личности. Обсуждаются аспекты влияния психологических факторов на развитие установки личности. Рассматриваются виды, принципы, технология, содержание тренинга мотивации, использование компьютерной поддержки исследований.
|
| 461 |
|
1 |
|0 (RuTPU)RU\TPU\book\144959
|t Установки личности и становление будущего специалиста
|o учебно-методическое пособие: в 3 ч.
|f Е. Т. Конюхова
|g Кузбасская государственная педагогическая академия
|v Ч. 1: Мотивация в развитии установки личности
|d 2007
|
| 610 |
1 |
|
|a психология
|
| 610 |
1 |
|
|a личность
|
| 610 |
1 |
|
|a труд
|
| 610 |
1 |
|
|a мотивации
|
| 610 |
1 |
|
|a профессиональная деятельность
|
| 610 |
1 |
|
|a психологические установки
|
| 610 |
1 |
|
|a учебные пособия
|
| 686 |
|
|
|a Ю941я73
|v LBC/SL-A
|2 rubbk
|
| 686 |
|
|
|a Ю937я73
|v LBC/SL-A
|2 rubbk
|
| 801 |
|
1 |
|a RU
|b 63413507
|c 20080311
|g PSBO
|
| 801 |
|
2 |
|a RU
|b 63413507
|c 20170428
|g PSBO
|
| 942 |
|
|
|c BK
|